| 000 | 00754nam a22002055i 4500 | ||
|---|---|---|---|
| 001 | 48775 | ||
| 003 | ES-MaACL | ||
| 005 | 20230906161822.0 | ||
| 007 | t| | ||
| 008 | 950731s1896 fr a ||||1| fre d | ||
| 040 |
_aCAM _bspa _cCAM |
||
| 100 | 1 |
_aDiehl, Charles ( _d1859-1914) _944588 |
|
| 245 | 1 | 2 |
_aL'Afrique Byzantine _b: histoire de la domination byzantine en Afrique: 533-709 / _cpar Charles Diehl. |
| 260 |
_aParis : _bErnest Leroux, _c1896 ( _eAngers : _fA. Burdin) |
||
| 300 |
_a[4], XIV, 644 p., [10], [2] h. de map. pleg. : _bil. ; _c25 cm. |
||
| 651 | 4 |
_aMagreb- _xHistoria- _y647-1517. _9155943 |
|
| 651 | 4 |
_aMagreb- _xHistoria- _yHasta 647. _9158883 |
|
| 651 | 4 |
_aImperio bizantino- _xHistoria- _y527-1081. _9147375 |
|
| 852 |
_aES-MaACL _jC-1848 |
||
| 999 |
_c48775 _d48775 |
||